LEADER 01407nam a2200265 i 4500 001 000000250177 003 CaOOAMICUS 005 20160718000000.0 008 160718s1894 it u000 u ita u 013 $a229082 040 $aSeMil$bita 245 10$aConstitutiones synodales pro Diocesi papiensi promulgatae in synodo diocesana sexta :$bquam habuit ill.mus ac r.mus D. D. Augustinus C. Riboldi anno 1894 diebus 2, 3 et 4 mensis julii. 260 $aModoetiae :$bTypis paulinorum A. Annoni & soc.,$c1894. 300 $aP. 494-489 ;$c24 cm. 500 $aLascito Card. C.M. Martini. 650 4$aSinodi diocesani - Pavia.$0(OLS)http://semarc/subject/11697 650 4$aSinodi diocesani - Sec. 19.$0(OLS)http://semarc/subject/1277 700 1 $aDiocesi di Pavia.$0(OLS)http://semarc/name/29718 700 1 $aRiboldi, Agostino Gaetano,$c.$0(OLS)http://semarc/name/21478 850 $aSeMil 852 $aSeMil$W1$xVenegono$y1$m2J V 50 FA$j200523$B200523$CSeMilBibl$Z2$F212276 $8I 941 1 $a4 961 $aLascito: Martini Card. Carlo Maria 996 $6245$aConstitutiones synodales pro Diocesi papiensi promulgatae in synodo diocesana sexta :$bquam habuit ill.mus ac r.mus D. D. Augustinus C. Riboldi anno 1894 diebus 2, 3 et 4 mensis julii$9(OLS)http://semarc/title/352395 996 $6260$aModoetiae :$bTypis paulinorum A. Annoni & soc.$9(OLS)http://semarc/publisher/55366 LEADER 01590nam a2200277 i 4500 001 000000206252 003 CaOOAMICUS 005 20220323141342.0 008 110927s1621 it u000 u ita u 013 $a185013 026 $ao,ea a.i- r-r. VmHa (3) 1621 (R) 040 $aSeMil$bita 100 1 $aPescetti, Orlando,$d<1556 ca.-1624 ca.>.$0(OLS)http://semarc/name/74175 245 10$aProverbi italiani, e latini non meno dilettueuoli, che vtili, non solamente nel componere dell'vna, & l'altra lingua, ma ancora per esercitare i figliuoli, che imparano grammatica. Raccolti da Orlando Pescetti et dedicati al sig. Pier Francesco Zino. 260 $aIn Brescia :$bAppresso Francesco Tebaldino,$c1621. 300 $a[4], 56 c. 500 $aCapilettera xilogr. 500 $aMarca editoriale: Marca non censita. 500 $aMarca tip. sul front.: Un gatto con un topo in bocca. In una cornice figurata. Motto: Dissimilium infida sotietas 500 $aSegn.: A36 B24 700 1 $aTebaldino, Francesco,$c.$0(OLS)http://semarc/name/12688 850 $aSeMil 852 $aSeMil$W1$xVenegono$y1$m1Q II 26 FA$j156735$B156735$CSeMilBibl$Z2$F167976 $8I 996 $6245$aProverbi italiani, e latini non meno dilettueuoli, che vtili, non solamente nel componere dell'vna, & l'altra lingua, ma ancora per esercitare i figliuoli, che imparano grammatica. Raccolti da Orlando Pescetti et dedicati al sig. Pier Francesco Zino$9(OLS)http://semarc/title/298410 996 $6260$aIn Brescia :$bAppresso Francesco Tebaldino$9(OLS)http://semarc/publisher/52055